000 01187nam a2200337 a 4500
003 BLK
005 20230719145450.0
008 180409b bul|||||r ||||||| ||bul||
010 _aKNG00131436000
040 _aBLK
041 _aBUL
_cBUL
080 _aМузиканти-творци, композитори
_b78.071.1
_x(092)
_z78.071.1(092)
080 _aБиографии
_b929
_x(100)
_z929(100)
100 1 _aМинчев, Иван Петков
_eпърви автор
_9279359
139 _aМинчев, Иван Петков
_bМ 67
245 1 0 _a[Сто и двадесет] 120 бележити композитори
_bБиогр.
_cИван Петков Минчев.
257 _aBGR
260 _bМузика
_c1976
_aСофия
300 _a824 с., 4 с.
_bс портр.
_c25 см
380 _a7
650 4 _aКомпозитори - биографии
_9246095
653 _aкомпозитори
653 _aбиографии
852 _aЦб 88142
856 4 _qpdf
856 4 _qpdf
942 _cKNG
_n0
944 _aCR
_c09.02.2005
_k30542
_lРусанова Ирена
944 _aED
_c18.09.2015
_kИрена_Линкова
999 _c125758
_d125758
999 _d125758